Statistics for 大阪府の市町村 (2000年)

Click here to take the quiz!

General Stats

  • This quiz has been taken 37 times
    (19 since last reset)
  • The average score is 39 of 44

Answers on the Map

Answers color-coded by a green-red scale on the quiz's map according to % correct below.
 

Answer Stats

ヒント市町村名% Correct
大阪市おおさかし
100%
枚方市ひらかたし
100%
阪南市はんなんし
100%
東大阪市ひがしおおさかし
100%
泉南郡岬町みさきちょう
100%
堺市さかいし
100%
南河内郡千早赤阪村ちはやあかさかむら
100%
泉佐野市いずみさのし
100%
茨木市いばらきし
100%
豊能郡能勢町のせちょう
100%
高槻市たかつきし
100%
岸和田市きしわだし
100%
池田市いけだし
100%
大東市だいとうし
93%
吹田市すいたし
93%
豊能郡豊能町とよのちょう
93%
三島郡島本町しまもとちょう
93%
四條畷市しじょうなわてし
93%
豊中市とよなかし
93%
摂津市せっつし
93%
貝塚市かいづかし
93%
門真市かどまし
93%
柏原市かしわらし
93%
箕面市みのおし
93%
泉南郡田尻町たじりちょう
93%
河内長野市かわちながのし
93%
泉大津市いずみおおつし
93%
和泉市いずみし
87%
高石市たかいしし
87%
泉南市せんなんし
87%
交野市かたのし
87%
八尾市やおし
87%
守口市もりぐちし
87%
松原市まつばらし
80%
大阪狭山市おおさかさやまし
80%
寝屋川市ねやがわし
80%
羽曳野市はびきのし
73%
泉北郡忠岡町ただおかちょう
73%
富田林市とんだばやしし
73%
泉南郡熊取町くまとりちょう
67%
藤井寺市ふじいでらし
67%
南河内郡河南町かなんちょう
67%
南河内郡美原町みはらちょう
60%
南河内郡太子町たいしちょう
53%

Score Distribution

Percentile by Number Answered

Percent of People with Each Score

Your Score History

You have not taken this quiz since the last reset